Zmena výšky životného minima od 1.7.2013 a jej vplyv na spracovanie mzdovej agendy

Životné minimum od 1. júla 2013. Parametre pri výkone exekučných zrážok. Nepostihnuteľné sumy. Zvyšok čistej mzdy zamestnanca a tretinový systém. Zdaňovanie príjmov zo závislej činnosti. Podanie daňového priznania. Motivačné štipendiá. Ďalšie vybrané parametre.

Saved in:
Bibliographic Details
Main Author: Matlovičová, Iveta
Format: Book Chapter
Language:Slovak
Subjects:
Tags: Add Tag
No Tags, Be the first to tag this record!

MARC

LEADER 00000naa a2200000 4500
001 0175519
005 20231109103954.0
041 0 |a slo 
044 |a SK 
245 1 0 |a Zmena výšky životného minima od 1.7.2013 a jej vplyv na spracovanie mzdovej agendy  |c Iveta Matlovičová 
520 |a Životné minimum od 1. júla 2013. Parametre pri výkone exekučných zrážok. Nepostihnuteľné sumy. Zvyšok čistej mzdy zamestnanca a tretinový systém. Zdaňovanie príjmov zo závislej činnosti. Podanie daňového priznania. Motivačné štipendiá. Ďalšie vybrané parametre. 
610 2 0 |a minimum existenčné 
610 2 0 |a príjmy 
610 2 0 |a mzdy 
610 2 0 |a dane z príjmov 
610 2 0 |a základ dane 
610 2 0 |a priznania daňové 
610 2 0 |a štipendiá 
610 2 0 |a dávky sociálne 
610 2 0 |a dôchodky starobné 
610 2 0 |a exekúcia 
100 1 |a Matlovičová, Iveta